000 00915nas a2200289 4500
001 BR0906114
003 BR-BrBNA
005 20231205113500.0
007 ta
008 230509b bl.|||p| |||| 00| 00por d
040 _aBR-BrBNA
_bpor
_cBiblioteca Nacional de Agricultura
041 _a(En)
072 _aH20
100 1 _aPaula Júnior, T.J.
100 1 _aVieira, R.F.
100 1 _aTeixeira, H.
100 1 _aCarneiro, J.E.S.
245 1 _aFoliar application of calcium chloride and calcium silicate decreases white mold intensity on dry beans
650 _aFEIJÃO
650 _aMOFO BRANCO
650 _aPULVERIZAÇÃO FOLIAR
650 _aCALCIO
773 0 _tTropical Plant Pathology (Brazil)
_xISSN 1982-5676
_g(May-Jun 2009), v. 34(3) p. 171-174
_wBR0906114
856 4 0 _uhttp://www.aprh.pt/rgci/pdf/rgci-155_Borges.pdf
909 _a202311
_bLúcia
_c55
_dLúcia Elande
942 _2AGRIS
_n0
_cANA
999 _c204016
_d204016